Návrh organizácie projektového závodu pri n.p. Hydrostav záverečná práca postgraduálneho štúdia
Saved in:
| Main Author: | |
|---|---|
| Corporate Author: | |
| Other Authors: | |
| Format: | Book |
| Language: | Slovak |
| Published: |
Bratislava
1987
|
| Tags: |
No Tags, Be the first to tag this record!
|
MARC
| LEADER | 00000nam a2200000 4500 | ||
|---|---|---|---|
| 001 | c024292 | ||
| 005 | 20221219094817.3 | ||
| 041 | 0 | |a slo | |
| 044 | |a SK | ||
| 245 | 1 | 0 | |a Návrh organizácie projektového závodu pri n.p. Hydrostav |b záverečná práca postgraduálneho štúdia |c Ľ. Farkaš ; Ved. práce O. Cejpková |
| 264 | 1 | |a Bratislava |c 1987 | |
| 300 | |a 71 s. | ||
| 100 | 1 | |a Farkaš, Ľ. | |
| 700 | 1 | |a Cejpková, O. | |
| 710 | 2 | |a Vysoká škola ekonomická v Bratislave | |